Statistics for Felines

Click here to take the quiz!

General Stats

  • This quiz has been taken 106 times
    (33 since last reset)
  • The average score is 12 of 45

Answer Stats

Answer % Correct
Lion
100%
Tiger
96%
Jaguar
86%
Lynx
79%
Cheetah
79%
Leopard
79%
Cat
71%
Puma
68%
Snow Leopard
61%
Ocelot
61%
Panther
50%
Bobcat
46%
Serval
25%
Caracal
25%
Clouded Leopard
21%
Liger
18%
African Golden Cat
18%
Black Footed Cat
18%
Asian Golden Cat
18%
White Tiger
18%
Fishing Cat
18%
Jaguarundi
14%
African and Near Eastern Wild Cat
14%
Jungle Cat
11%
Chinese Mountain Cat
11%
Sand Cat
11%
Maragay
7%
Bay Cat
4%
Marbled Cat
4%
Amur Leopard
4%
Pallas's Cat
4%
Rusty Spotted Cat
4%
Flat Headed Cat
4%
Liliger
4%
Oncilla
4%
Kodkod
4%
Geoffroy's Cat
4%
Andean Mountain Cat
0%
Sunda Cat
0%
Southern Tigerina
0%
European Wildcat
0%
Pampas Cat
0%
Colocolo
0%
Pantanal Cat
0%
Iromote Cat
0%

Score Distribution

Percentile by Number Answered

Percent of People with Each Score

Your Score History

You have not taken this quiz since the last reset